| 000 | 00481nam a2200181Ia 4500 | ||
|---|---|---|---|
| 003 | GCL | ||
| 008 | 140319s9999 xx 000 0 eng d | ||
| 040 |
_aGCL / _cGCL |
||
| 082 | 0 | 4 |
_a953 _bM I |
| 245 | 1 | 0 | _aISLAMIC AND ARAB CONTRIBUTION TO THE EUROPEAN RENAISSANCE |
| 250 | _aFIRST | ||
| 260 |
_aالقاهرة : _bUNESCO ، _c2005 |
||
| 300 |
_a24 CM ؛ _c361 P |
||
| 650 | 0 | 4 | _aISLAMIC PHILOSOPHY |
| 650 | 0 | 4 | _aNATURAL SCIENCE |
| 650 | 0 | 4 | _aARABIC LITERATURE |
| 942 |
_2ddc _cBK |
||
| 999 |
_c7708 _d7708 |
||